000 00706nam a2200217Ia 4500
001 4203
003 GE_BSU
008 181216s||||||||xx |||||||||||||| ||und||
040 _cGE_BSU
080 _a66(075.8)
245 _aПрактикум по общей химической технологии.
245 _bУчеб. пособие для вузов.
245 _cПод редакцией И.П.Мухленова.
250 _aИзд. 2-е переработ. и доп.
260 _aМ.
260 _bВысш. школа.
260 _c1973.
300 _a423 стр. 23 см.
653 _aПрактикум по общей химической технологии.
942 _cBK
999 _c38213
_d38213